[Event "World Rapid 2017"]
[Site "Riyadh KSA"]
[Date "2017.12.27"]
[Round "8.33"]
[White "Georgiev, Kiril"]
[Black "Short, Nigel D"]
[Result "0-1"]
[WhiteTitle "GM"]
[BlackTitle "GM"]
[WhiteElo "2623"]
[BlackElo "2678"]
[WhiteFideId "2900017"]
[BlackFideId "400025"]
[EventDate "2017.12.26"]

1. d4 Nf6 2. Nf3 e6 3. Bf4 d5 4. e3 Bd6 5. Bg3 b6 6. c4 Bb7 7. Nc3 O-O 8. Rc1 a6
9. cxd5 exd5 10. Be2 Qe7 11. O-O Nbd7 12. Qc2 Bxg3 13. hxg3 Rfe8 14. Qf5 g6 15.
Qf4 Nf8 16. Rfd1 Ne6 17. Qh4 Kg7 18. Bd3 c5 19. dxc5 bxc5 20. Ne2 Nd7 21. Qxe7
Rxe7 22. b3 Rc8 23. Kf1 Kf6 24. Rc2 Nb6 25. Nd2 c4 26. bxc4 Nc5 27. Rb1 Nba4 28.
Nf4 Nxd3 29. Nxd3 a5 30. Nb2 Nxb2 31. Rcxb2 Ba6 32. Ke1 Bxc4 33. Nf3 Bd3 34. Rd1
Be4 35. Kf1 Rec7 36. Nd4 Rc1 37. Rd2 R8c3 38. f3 Rxd1+ 39. Rxd1 Bd3+ 40. Kf2 Bc4
41. Rd2 a4 42. Nc6 Ke6 43. Nb4 f5 44. g4 fxg4 45. fxg4 g5 46. Nc2 Ke5 47. Nd4
Ra3 48. Nc6+ Kd6 49. Nb4 Kc5 50. Rb2 Rc3 51. g3 a3 52. Rb1 h6 53. Ke1 Rxe3+ 54.
Kf2 Rc3 0-1

[Event "World Rapid 2017"]
[Site "Riyadh KSA"]
[Date "2017.12.27"]
[Round "8.34"]
[White "Howell, David W L"]
[Black "Meier, Georg"]
[Result "1/2-1/2"]
[WhiteTitle "GM"]
[BlackTitle "GM"]
[WhiteElo "2676"]
[BlackElo "2650"]
[WhiteFideId "410608"]
[BlackFideId "4675789"]
[EventDate "2017.12.26"]

1. c4 b6 2. Nc3 Bb7 3. d4 e6 4. a3 Nf6 5. Nf3 d5 6. cxd5 Nxd5 7. Qc2 Nxc3 8.
Qxc3 Nd7 9. Bg5 Qc8 10. Rc1 Bd6 11. e3 O-O 12. Be2 c5 13. O-O Bd5 14. Nd2 h6 15.
Bh4 Qc7 16. Bg3 Bxg3 17. hxg3 Rac8 18. Bf3 Bxf3 19. Nxf3 Qb7 20. Rfd1 Rfd8 21.
Qb3 cxd4 22. Rxc8 Rxc8 23. Nxd4 Nc5 24. Qc4 Nd7 25. Qe2 a6 26. Qf3 Qxf3 27. gxf3
Rc7 28. Kf1 Kf8 29. f4 Ke7 30. Ke2 b5 31. Rd2 g6 32. Rc2 Rxc2+ 33. Nxc2 Kd6 34.
e4 e5 35. fxe5+ Nxe5 36. f4 Nc6 37. Kd3 h5 38. Ne1 Na5 39. Nf3 Nc4 40. Kc3 Ne3
41. Nd2 Ng2 42. Nf3 Ne3 43. Nd2 Ng2 44. Nf3 Ne3 45. Nd2 Ng2 1/2-1/2

[Event "World Rapid 2017"]
[Site "Riyadh KSA"]
[Date "2017.12.27"]
[Round "8.35"]
[White "Malakhov, Vladimir"]
[Black "Li, Chao b"]
[Result "1/2-1/2"]
[WhiteTitle "GM"]
[BlackTitle "GM"]
[WhiteElo "2686"]
[BlackElo "2732"]
[WhiteFideId "4120787"]
[BlackFideId "8604436"]
[EventDate "2017.12.26"]

1. Nf3 Nf6 2. g3 g6 3. b3 Bg7 4. Bb2 c5 5. c4 d6 6. Bg2 e5 7. O-O O-O 8. Nc3 Nc6
9. d3 Rb8 10. e3 h6 11. h3 Re8 12. Nd2 Be6 13. Nde4 a6 14. Nxf6+ Bxf6 15. Qd2
Qd7 16. Kh2 b5 17. Nd5 Bg7 18. f4 f5 19. Rae1 Kh7 20. e4 Rf8 21. exf5 gxf5 22.
Ne3 Ne7 23. h4 b4 24. Nd5 Nc6 25. Bh3 a5 26. Rf2 Rf7 27. Ref1 Rbf8 28. Bg2 Rg8
29. Ne3 Ne7 30. Bd5 Bxd5 31. cxd5 Bf6 32. fxe5 Bxe5 33. Rf3 f4 34. gxf4 Bxb2 35.
Qxb2 Nf5 36. Nxf5 Qxf5 37. Qf2 Rg4 38. Rg1 Rfg7 39. Rxg4 Rxg4 40. Qe1 Qf6 41.
Kh3 h5 42. f5 Kg7 43. Qf2 Qa1 44. Kh2 Kf6 45. Re3 Qd4 46. Re6+ Kf7 47. Qxd4 Rxd4
48. Rxd6 Rxd3 49. Ra6 Rxd5 50. Rxa5 Kf6 51. a3 bxa3 52. Rxa3 Kxf5 53. Ra4 Ke5
54. Rc4 Rd2+ 55. Kg1 Kd5 56. Rf4 Re2 57. Kf1 Re3 58. Rf5+ Kd4 59. Rxh5 Rxb3 60.
Ke2 c4 61. Kd2 Rb2+ 62. Kc1 Rh2 63. Rg5 1/2-1/2

[Event "World Rapid 2017"]
[Site "Riyadh KSA"]
[Date "2017.12.27"]
[Round "8.36"]
[White "Moiseenko, Alexander"]
[Black "Melkumyan, Hrant"]
[Result "0-1"]
[WhiteTitle "GM"]
[BlackTitle "GM"]
[WhiteElo "2667"]
[BlackElo "2633"]
[WhiteFideId "14102560"]
[BlackFideId "13302485"]
[EventDate "2017.12.26"]

1. d4 Nf6 2. Bg5 Ne4 3. Bf4 c5 4. f3 Nf6 5. d5 d6 6. e4 g6 7. Nc3 Bg7 8. Qd2 a6
9. a4 Nbd7 10. Bh6 Bxh6 11. Qxh6 Qa5 12. Ra3 Nb6 13. Be2 Bd7 14. Qd2 g5 15. h4
g4 16. f4 O-O-O 17. h5 e6 18. dxe6 Bxe6 19. Nb1 Qb4 20. a5 Qxb2 21. Qd1 Nc4 22.
Rb3 Qa1 23. Bxc4 Bxc4 24. Ra3 Qb2 25. Ne2 Rhe8 26. O-O Rxe4 27. Nec3 Rd4 28. Qc1
Qxc1 29. Rxc1 Nxh5 30. Na4 Nxf4 31. Nbc3 Kc7 32. Re1 Rd2 33. Nb6 Rxg2+ 34. Kh1
g3 35. Ncd5+ Nxd5 36. Kxg2 Nxb6 37. axb6+ Kxb6 38. Kxg3 Rg8+ 39. Kf2 Kc6 40. Rh3
Bd5 41. Ke3 Re8+ 42. Kd2 Rxe1 43. Kxe1 Be4 44. Kd2 b5 45. Ra3 Kb6 46. Re3 d5 47.
Rg3 Bg6 48. Re3 Be4 49. Rg3 b4 50. Rg8 Kb7 51. Re8 a5 52. Re7+ Kb6 53. Rxf7 a4
54. Rf8 Kb5 55. Kc1 a3 56. Rg8 Kc4 57. Rg3 d4 58. Kb1 d3 59. cxd3+ Bxd3+ 60. Ka2
Kc3 61. Rg2 c4 62. Rh2 h5 63. Rb2 Bc2 0-1

[Event "World Rapid 2017"]
[Site "Riyadh KSA"]
[Date "2017.12.27"]
[Round "8.37"]
[White "Nguyen, Ngoc Truong Son"]
[Black "Socko, Bartosz"]
[Result "1/2-1/2"]
[WhiteTitle "GM"]
[BlackTitle "GM"]
[WhiteElo "2630"]
[BlackElo "2593"]
[WhiteFideId "12401110"]
[BlackFideId "1107038"]
[EventDate "2017.12.26"]

1. d4 Nf6 2. Nf3 e6 3. Bf4 b6 4. e3 Bb7 5. Nbd2 c5 6. Nc4 d5 7. Nce5 Bd6 8. Bb5+
Ke7 9. Ng5 Rf8 10. O-O a6 11. Be2 h6 12. Ngf3 Nc6 13. dxc5 bxc5 14. c4 Nxe5 15.
Bxe5 Bxe5 16. Nxe5 Qc7 17. Nf3 Rfd8 18. cxd5 Rxd5 19. Qc2 Rad8 20. Rfd1 Ng4 21.
h3 Rxd1+ 22. Rxd1 Rxd1+ 23. Bxd1 Ne5 24. Nxe5 Qxe5 25. Be2 f5 26. Bf1 Kf6 27.
Qb3 Bd5 28. Qa3 a5 29. f4 Qe4 30. Qxc5 Bxa2 31. Kf2 Bd5 32. Qd4+ Qxd4 33. exd4
Ke7 34. Ke3 Kd6 35. g3 Kc6 36. Kd2 Kd6 37. Ke3 Kc6 38. g4 fxg4 39. hxg4 g5 40.
fxg5 hxg5 41. Bd3 Kd6 42. Be2 Bg2 43. Bc4 Bc6 44. Kf2 e5 45. dxe5+ Kxe5 46. Ke3
Bd7 47. Be2 Kd5 48. Bf3+ Kc4 49. Bd1 Bc6 50. Bc2 Bb7 51. Bd1 Bc6 52. Bc2 Be8 53.
Bd1 Bg6 54. Ba4 Bh7 55. Bd1 Bg6 56. Ba4 Bh7 57. Bd1 1/2-1/2

[Event "World Rapid 2017"]
[Site "Riyadh KSA"]
[Date "2017.12.27"]
[Round "8.38"]
[White "Movsesian, Sergei"]
[Black "Rakhmanov, Aleksandr"]
[Result "0-1"]
[WhiteTitle "GM"]
[BlackTitle "GM"]
[WhiteElo "2647"]
[BlackElo "2653"]
[WhiteFideId "310204"]
[BlackFideId "4173708"]
[EventDate "2017.12.26"]

1. e4 c5 2. Nf3 Nf6 3. Nc3 d5 4. Bb5+ Bd7 5. Bxd7+ Qxd7 6. e5 Ng8 7. O-O e6 8.
d4 Nc6 9. Ne2 cxd4 10. Nexd4 Nxd4 11. Nxd4 Ne7 12. Qg4 Rc8 13. c3 Nc6 14. Nf3
Ne7 15. Be3 Rc4 16. Bd4 a6 17. Rad1 Nf5 18. b3 Rc8 19. c4 dxc4 20. Bc5 Qb5 21.
Bxf8 Rxf8 22. Rc1 c3 23. Rfd1 h6 24. Qe4 Ne7 25. Nd4 Qb6 26. Ne2 Nd5 27. Qg4 Qa5
28. Qxg7 Qxa2 29. Nd4 c2 30. Re1 Qb2 31. Qg4 Kd7 32. Qe4 Rc5 33. Rxc2 Rxc2 34.
Nxc2 Rc8 35. Ne3 Rc1 36. Rxc1 Qxc1+ 37. Nf1 b5 38. Qf3 Ke7 39. g3 a5 40. Qg4 Qc3
41. Qh4+ Kd7 42. Qxh6 Qxb3 43. Qf8 a4 44. Qd6+ Kc8 45. Qc6+ Nc7 46. Qc1 b4 47.
Nd2 Qc3 48. Qd1 Qd4 49. Qc1 a3 50. Nb3 Qxe5 51. h4 Kd7 52. Nc5+ Kd8 53. Nd3 Qd4
54. Nc5 a2 55. Nb3 Qd3 56. Qg5+ Ke8 57. Qg8+ Ke7 58. Qg5+ f6 59. Qg7+ Kd6 60.
Qf8+ Ke5 61. Qxb4 Qxb3 62. Qxb3 a1=Q+ 63. Kg2 Qa8+ 64. Kh2 Nd5 65. Qf3 f5 66.
Qe2+ Kd6 67. f4 Qa1 68. h5 Ke7 69. Qf3 Qb2+ 70. Kh3 Kf7 71. Kh4 Qf6+ 72. Kh3 Qc3
73. Qf2 Kg7 74. Kh4 Qf6+ 75. Kh3 Kh6 76. Qe2 Qf7 77. Kg2 Nf6 78. Qe5 Kxh5 79.
Kh3 Kg6 80. Qb8 Kg7 81. Kg2 Ne4 82. Qe5+ Qf6 83. Qc7+ Kh6 84. Qc8 Kh7 85. Qe8
Qb2+ 86. Kh3 Nf2+ 87. Kh4 Qf6+ 0-1

[Event "World Rapid 2017"]
[Site "Riyadh KSA"]
[Date "2017.12.27"]
[Round "8.39"]
[White "Halkias, Stelios"]
[Black "Savchenko, Boris"]
[Result "0-1"]
[WhiteTitle "GM"]
[BlackTitle "GM"]
[WhiteElo "2571"]
[BlackElo "2566"]
[WhiteFideId "4201809"]
[BlackFideId "4147332"]
[EventDate "2017.12.26"]

1. Nf3 Nf6 2. c4 g6 3. Nc3 Bg7 4. g3 O-O 5. Bg2 d5 6. cxd5 Nxd5 7. h4 c5 8. h5
Nc6 9. hxg6 hxg6 10. Ng5 e6 11. Nge4 b6 12. d3 Bb7 13. Bg5 f6 14. Bd2 Nce7 15.
Qb3 Rb8 16. O-O-O Qd7 17. g4 g5 18. Nxd5 Bxd5 19. Qc2 Nc6 20. e3 f5 21. gxf5
exf5 22. Bc3 Nb4 23. Bxb4 cxb4 24. Kb1 Rbc8 25. Qd2 fxe4 26. Qxb4 Rxf2 27. dxe4
Rcc2 0-1

[Event "World Rapid 2017"]
[Site "Riyadh KSA"]
[Date "2017.12.27"]
[Round "8.40"]
[White "Bortnyk, Olexandr"]
[Black "Almasi, Zoltan"]
[Result "1/2-1/2"]
[WhiteTitle "GM"]
[BlackTitle "GM"]
[WhiteElo "2610"]
[BlackElo "2682"]
[WhiteFideId "14120828"]
[BlackFideId "702293"]
[EventDate "2017.12.26"]

1. e4 e5 2. Nf3 Nc6 3. Bb5 a6 4. Ba4 Nf6 5. Qe2 b5 6. Bb3 Be7 7. c3 d6 8. O-O
O-O 9. h3 Na5 10. Bc2 c5 11. d3 Re8 12. Rd1 h6 13. Nbd2 Bf8 14. Nf1 d5 15. exd5
Qxd5 16. Ng3 Bb7 17. Ne4 Qe6 18. Re1 Nxe4 19. dxe4 Rac8 20. Be3 Nc4 21. Bc1 Nd6
22. b3 a5 23. a4 b4 24. c4 f6 25. Nh2 Rcd8 26. Ng4 h5 27. Nh2 Qf7 28. Nf1 Rd7
29. h4 g6 30. Ng3 Nc8 31. Be3 Na7 32. Rad1 Nc6 33. Rxd7 Qxd7 34. Rf1 Nd4 35.
Bxd4 cxd4 36. Bd3 Bh6 37. Qc2 Kg7 38. Ne2 Qc6 39. Re1 f5 40. Ng3 Rc8 41. Nf1 f4
42. Nh2 Qc5 43. Nf3 Rc7 44. Kf1 Bc8 45. Ke2 Bg4 46. Rh1 Kh7 47. Kd2 Qe7 48. Qd1
Bg7 49. Qg1 Bxf3 50. gxf3 Bf6 51. Qh2 Rc5 1/2-1/2

[Event "World Rapid 2017"]
[Site "Riyadh KSA"]
[Date "2017.12.27"]
[Round "8.41"]
[White "Eljanov, Pavel"]
[Black "Vidit, Santosh Gujrathi"]
[Result "1/2-1/2"]
[WhiteTitle "GM"]
[BlackTitle "GM"]
[WhiteElo "2711"]
[BlackElo "2715"]
[WhiteFideId "14102951"]
[BlackFideId "5029465"]
[EventDate "2017.12.26"]

1. c4 c5 2. g3 Nc6 3. Bg2 g6 4. Nc3 Bg7 5. Nf3 d6 6. O-O e6 7. e3 Nge7 8. d4 O-O
9. Re1 h6 10. d5 Na5 11. Qd3 b6 12. e4 Ba6 13. b3 g5 14. h4 g4 15. Nh2 h5 16.
Bg5 Qd7 17. dxe6 fxe6 18. e5 d5 19. Ne4 Bxe5 20. Nxc5 bxc5 21. Rxe5 Nac6 22.
Ree1 Rae8 23. Rad1 Nf5 24. Qd2 Ncd4 25. Bh6 Rf6 26. Bf4 dxc4 27. Be5 Rg6 28.
bxc4 Bxc4 29. Bxd4 cxd4 30. Re5 d3 31. Nf1 Qd6 32. Rde1 Rc8 33. Ra5 Ba6 34. Ne3
Rc5 35. Rxc5 Qxc5 36. Rc1 Qe5 37. Re1 Nd4 38. Kh1 Qf6 39. Qb2 Nf3 40. Qb8+ Qf8
41. Rb1 Qxb8 42. Rxb8+ Kh7 43. Rd8 e5 44. Bxf3 gxf3 45. Kh2 Rb6 46. g4 Rb4 47.
Kg3 Rd4 48. Rxd4 exd4 49. Nf1 hxg4 50. Kxg4 Bb7 51. Kf4 Kg6 52. Ke5 Kh5 53. Kxd4
Kxh4 54. Nd2 Kg4 55. Kxd3 Kf4 56. Kd4 Bc8 57. a3 Bb7 58. Nc4 Ba6 59. Nd6 Be2 60.
Nc8 a6 61. Nd6 Bf1 62. Ne4 Be2 63. Nc5 Bb5 64. Ne4 Bc6 65. Nc3 Bb7 66. Nd5+ Kf5
67. Nb6 Kf4 68. Nc4 Bc6 69. Nb2 Bb5 70. a4 Bc6 71. a5 Bb5 72. Nd1 Bf1 73. Ne3
Bb5 74. Kd5 Be2 75. Nc2 Bd3 76. Nd4 Bf1 77. Ne6+ Kf5 78. Nc5 Bb5 79. Kd6 Kf4 80.
Kd5 Kf5 81. Kd4 Kf4 82. Nd3+ Kf5 83. Ke3 Ke6 84. Ne1 Kd5 85. Nxf3 Kc5 86. Ne5
Kb4 87. Kd4 Kxa5 88. Kc5 Bf1 89. f4 Bh3 90. Nc6+ 1/2-1/2

[Event "World Rapid 2017"]
[Site "Riyadh KSA"]
[Date "2017.12.27"]
[Round "8.42"]
[White "Dzhumagaliev, Yan"]
[Black "Sargissian, Gabriel"]
[Result "0-1"]
[WhiteTitle "FM"]
[BlackTitle "GM"]
[WhiteElo "2400"]
[BlackElo "2672"]
[WhiteFideId "24100110"]
[BlackFideId "13300881"]
[EventDate "2017.12.26"]

1. d4 Nf6 2. c4 e6 3. Nf3 Bb4+ 4. Nbd2 d5 5. a3 Be7 6. Qc2 Nbd7 7. e4 dxe4 8.
Nxe4 b6 9. Bd3 Bb7 10. Be3 c5 11. dxc5 Nxc5 12. Bxc5 bxc5 13. O-O-O Qc7 14. Rhe1
Rb8 15. Rd2 h6 16. Qd1 O-O 17. Nc3 Bxf3 18. Qxf3 Rfd8 19. g3 Qa5 20. Red1 Ne8
21. Qe4 g6 22. Qe3 Bg5 23. f4 Bf6 24. Rc2 Rb3 25. Ne4 Bxb2+ 26. Rxb2 Qxa3 27.
Qe2 Rdxd3 28. Rxd3 0-1

[Event "World Rapid 2017"]
[Site "Riyadh KSA"]
[Date "2017.12.27"]
[Round "8.43"]
[White "Ivanchuk, Vassily"]
[Black "Kovalev, Vladislav"]
[Result "1/2-1/2"]
[WhiteTitle "GM"]
[BlackTitle "GM"]
[WhiteElo "2726"]
[BlackElo "2639"]
[WhiteFideId "14100010"]
[BlackFideId "13504398"]
[EventDate "2017.12.26"]

1. e4 e5 2. Nf3 Nc6 3. Bb5 a6 4. Ba4 Nf6 5. O-O Be7 6. Re1 b5 7. Bb3 d6 8. c3
O-O 9. h3 Bb7 10. d4 Re8 11. Nbd2 exd4 12. cxd4 Nd7 13. Nf1 Na5 14. Bc2 Bf6 15.
Rb1 c5 16. d5 Nc4 17. b3 Nce5 18. N3h2 Bc8 19. Ne3 Nb6 20. Bb2 a5 21. Nf3 Ng6
22. Bd3 Bd7 23. Nd2 a4 24. Bf1 axb3 25. axb3 Bxb2 26. Rxb2 Qf6 27. Rc2 Ra7 28.
g3 Qd4 29. Qe2 Ra1 30. Rcc1 Ra2 31. Rc2 Ra1 32. Rcc1 Ra2 1/2-1/2

[Event "World Rapid 2017"]
[Site "Riyadh KSA"]
[Date "2017.12.27"]
[Round "8.44"]
[White "Inarkiev, Ernesto"]
[Black "Zhao, Jun"]
[Result "1/2-1/2"]
[WhiteTitle "GM"]
[BlackTitle "GM"]
[WhiteElo "2689"]
[BlackElo "2604"]
[WhiteFideId "4162722"]
[BlackFideId "8602522"]
[EventDate "2017.12.26"]

1. d4 Nf6 2. c4 g6 3. g3 Bg7 4. Bg2 O-O 5. Nc3 d6 6. Nf3 Nc6 7. O-O Rb8 8. b3 a6
9. d5 Na5 10. Bd2 c5 11. dxc6 Nxc6 12. Qc1 Bd7 13. Bh6 b5 14. Bxg7 Kxg7 15. cxb5
axb5 16. Qb2 Kg8 17. b4 Qb6 18. Rfd1 Rfc8 19. h3 Be6 20. e4 Nd7 21. Nd5 Qd8 22.
Qd2 Nde5 23. Ng5 Bd7 24. f4 Nc4 25. Qc3 Qf8 26. a4 Qg7 27. e5 dxe5 28. axb5 Nd4
29. Kh2 f6 30. fxe5 Nxb5 31. exf6 Nxc3 32. fxg7 Nxd1 33. Nxe7+ Kxg7 34. Nxc8
Nde3 35. Ra7 Ne5 36. Nf3 Rxc8 37. Nxe5 Rc2 38. Rxd7+ Kg8 39. Rd8+ Kg7 40. Rd7+
Kg8 41. Rd3 Rxg2+ 42. Kh1 Rxg3 43. b5 Rxh3+ 44. Kg1 Rh4 45. Rxe3 Rb4 46. Nd7
Rxb5 47. Re8+ Kf7 48. Re3 Rf5 49. Kg2 h5 50. Ne5+ Kf6 51. Nf3 Ra5 52. Nd4 Rd5
53. Re6+ Kf7 54. Re4 Kf6 55. Ne2 Re5 56. Rf4+ Kg5 57. Rf2 Re3 58. Nf4 Ra3 59.
Ne6+ Kh6 60. Rf8 Kh7 61. Rf6 Kh6 62. Rf8 Kh7 63. Rb8 Ra6 64. Nf4 Kh6 65. Kf3
Ra3+ 66. Ke4 Ra4+ 67. Ke5 Ra5+ 68. Ke6 Kg5 69. Nd5 h4 70. Rb1 Ra3 71. Ke5 h3 72.
Rg1+ Kh4 73. Rxg6 h2 74. Rh6+ Kg3 75. Nf6 Kg2 76. Rxh2+ Kxh2 77. Nd5 1/2-1/2

[Event "World Rapid 2017"]
[Site "Riyadh KSA"]
[Date "2017.12.27"]
[Round "8.45"]
[White "Khenkin, Igor"]
[Black "Volokitin, Andrei"]
[Result "1-0"]
[WhiteTitle "GM"]
[BlackTitle "GM"]
[WhiteElo "2554"]
[BlackElo "2628"]
[WhiteFideId "4659600"]
[BlackFideId "14107090"]
[EventDate "2017.12.26"]

1. d4 Nf6 2. c4 e6 3. Nf3 b6 4. Nc3 Bb4 5. e3 Bb7 6. Bd3 Ne4 7. Qc2 f5 8. O-O
Bxc3 9. bxc3 O-O 10. Nd2 Qh4 11. f3 Ng5 12. f4 Qg4 13. d5 Nf7 14. e4 Nd6 15. Ba3
Re8 16. Bxd6 cxd6 17. exf5 exd5 18. Rf3 dxc4 19. Rg3 Qxf4 20. Rf1 Qe5 21. f6
cxd3 22. f7+ Kf8 23. fxe8=Q+ Kxe8 24. Qxd3 Kd8 25. Qxh7 Kc7 26. Qxg7 Qe2 27. Qg5
Nc6 28. Qe3 Qa6 29. h4 Qxa2 30. h5 Ne5 31. Rf6 Rg8 32. Qd4 Bc6 33. Qxd6+ Kb7 34.
Qxe5 Rxg3 35. Qxg3 Qxd2 36. h6 Qd1+ 37. Rf1 Qc2 38. Qg7 Bb5 39. h7 Qe2 40. h8=Q
Qxf1+ 41. Kh2 Bc6 42. Qg3 a5 43. Qhb8+ Ka6 44. Qc8+ Kb5 45. Qg5+ Ka4 46. Qcg8
Qf2 47. Qc4+ Ka3 48. Qc1+ Qb2 49. Qxb2+ Kxb2 50. g4 b5 51. Qd4 a4 52. Qb4+ Kc2
53. g5 Bd5 54. g6 Bb3 55. g7 1-0

[Event "World Rapid 2017"]
[Site "Riyadh KSA"]
[Date "2017.12.27"]
[Round "8.46"]
[White "Malakhatko, Vadim"]
[Black "Salgado Lopez, Ivan"]
[Result "1-0"]
[WhiteTitle "GM"]
[BlackTitle "GM"]
[WhiteElo "2542"]
[BlackElo "2644"]
[WhiteFideId "14104202"]
[BlackFideId "2257327"]
[EventDate "2017.12.26"]

1. c4 e5 2. e3 d6 3. Nc3 Be7 4. g3 f5 5. Bg2 Nf6 6. Nge2 c6 7. O-O O-O 8. b4 Be6
9. d3 d5 10. cxd5 cxd5 11. a3 Nc6 12. Bb2 Rc8 13. Rc1 Qe8 14. Na4 Qh5 15. Nc5
Bxc5 16. Rxc5 a6 17. Qd2 f4 18. exf4 Bh3 19. f3 Bxg2 20. Kxg2 Qh6 21. Qc1 Nd7
22. Rc2 Qd6 23. fxe5 Ndxe5 24. Bxe5 Qxe5 25. d4 Qf5 26. Qd2 Rce8 27. Rc3 Re6 28.
Re3 Rh6 29. h4 Rg6 30. Qd3 Qd7 31. h5 Rg5 32. g4 Nd8 33. Re5 Nf7 34. Rxg5 Nxg5
35. Qe3 h6 36. Nf4 Re8 37. Qb3 Rd8 38. Re1 Qf7 39. Ng6 Ne6 40. Qe3 Re8 41. Qd2
Qf6 42. Re5 Rd8 43. Qe3 Re8 44. Kg3 Qf7 45. Nf4 Nc7 46. Rxe8+ Nxe8 47. Qe6 Nc7
48. Qc8+ Kh7 49. Qxb7 Qe7 50. Nd3 Qe3 51. Qxc7 Qg1+ 52. Kh3 Qf1+ 53. Kh2 Qxd3
54. Qe5 Qxa3 55. Qxd5 Qxb4 56. Qf5+ Kh8 57. Qc8+ Kh7 58. Qc2+ Kh8 59. d5 a5 60.
Qd1 Qd6+ 61. Kg2 Kg8 62. Qd4 Kf7 63. Qa7+ Kf6 64. Qxa5 Kg5 65. Qd2+ Kh4 66. Qe1+
Kg5 67. Qe6 Qa3 68. Kg3 1-0

[Event "World Rapid 2017"]
[Site "Riyadh KSA"]
[Date "2017.12.27"]
[Round "8.47"]
[White "Vallejo Pons, Francisco"]
[Black "Ibrahimov, Rasul"]
[Result "1-0"]
[WhiteTitle "GM"]
[BlackTitle "GM"]
[WhiteElo "2707"]
[BlackElo "2518"]
[WhiteFideId "2205530"]
[BlackFideId "13400495"]
[EventDate "2017.12.26"]

1. e4 c5 2. Nf3 d6 3. d4 cxd4 4. Qxd4 a6 5. c4 Nc6 6. Qe3 g6 7. h3 Bh6 8. Qc3
Qa5 9. Qxa5 Nxa5 10. Nc3 Bxc1 11. Rxc1 Be6 12. Nd5 Rc8 13. Kd2 Nf6 14. Bd3 Nc6
15. b4 Nd7 16. Ke3 f6 17. a3 Kf7 18. Be2 Kg7 19. Nd2 Rhe8 20. Bg4 Bxg4 21. hxg4
g5 22. Ke2 Nce5 23. Ne3 e6 24. Nb3 Rc7 25. Rhd1 Nf7 26. Rc2 Kf8 27. Nd4 Ke7 28.
g3 Rec8 29. f4 Nb6 30. f5 Nxc4 31. Rdc1 Nfe5 32. Nxe6 Rc6 33. Nd4 Nxe3 34. Nxc6+
bxc6 35. Kxe3 Nxg4+ 36. Kd4 Ne5 37. Rh1 Rh8 38. Rh5 h6 39. Rc1 Kd7 40. Rch1 Nf7
41. R5h2 Ke7 42. a4 Kd7 43. b5 axb5 44. axb5 cxb5 45. Ra2 Ne5 46. Ra7+ Kc6 47.
Ra6+ Kc7 48. Kd5 Nc4 49. Ra7+ Kb6 50. Rf7 Ne3+ 51. Kxd6 Ng4 52. Rc1 Re8 53. Rc6+
Ka5 54. Ra7+ Kb4 55. Re7 Rd8+ 56. Ke6 Rd4 57. Kf7 Ne5+ 58. Rxe5 fxe5 59. f6 Rxe4
60. Kg7 Rd4 61. f7 Rd7 62. Re6 h5 63. Rxe5 h4 64. g4 1-0

[Event "World Rapid 2017"]
[Site "Riyadh KSA"]
[Date "2017.12.27"]
[Round "8.48"]
[White "Christiansen, Johan-Sebastian"]
[Black "Naiditsch, Arkadij"]
[Result "1-0"]
[WhiteTitle "IM"]
[BlackTitle "GM"]
[WhiteElo "2495"]
[BlackElo "2705"]
[WhiteFideId "1512668"]
[BlackFideId "4650891"]
[EventDate "2017.12.26"]

1. e4 e6 2. d4 d5 3. Nc3 Nf6 4. Bg5 dxe4 5. Nxe4 Be7 6. Bxf6 gxf6 7. Nf3 b6 8.
Bb5+ c6 9. Bc4 f5 10. Ng3 b5 11. Bd3 Nd7 12. Qe2 Nf6 13. O-O-O Nd5 14. Ne5 Nf4
15. Qf3 Bb7 16. Bxb5 cxb5 17. Qxb7 Rc8 18. Qxb5+ Kf8 19. Rhe1 Qc7 20. Qb3 Nxg2
21. Rg1 Nf4 22. Kb1 Bd6 23. Qf3 Qxc2+ 24. Ka1 Nd5 25. Nd3 Ba3 26. Ne2 Rg8 27.
Rgf1 Rb8 28. bxa3 Rg4 29. Rc1 Qd2 30. Rfd1 Qh6 31. Ne5 Rb7 32. Nxg4 fxg4 33.
Qxg4 Qf6 34. Rc8+ Ke7 35. Qg8 Kd6 36. Qf8+ 1-0

[Event "World Rapid 2017"]
[Site "Riyadh KSA"]
[Date "2017.12.27"]
[Round "8.49"]
[White "El Adnani, Mokliss"]
[Black "Akobian, Varuzhan"]
[Result "0-1"]
[WhiteTitle "IM"]
[BlackTitle "GM"]
[WhiteElo "2448"]
[BlackElo "2647"]
[WhiteFideId "9000410"]
[BlackFideId "13300580"]
[EventDate "2017.12.26"]

1. d4 Nf6 2. c4 b6 3. Nf3 Bb7 4. g3 g6 5. Bg2 Bg7 6. O-O O-O 7. b3 c5 8. Bb2
cxd4 9. Qxd4 d6 10. Qh4 Nbd7 11. g4 Rc8 12. Nc3 a6 13. Rad1 Rc5 14. Ba3 Rc7 15.
Rd3 Nc5 16. Re3 Ne6 17. Rd1 Nf4 18. Bf1 Qa8 19. Bc1 b5 20. Qg3 Ne6 21. cxb5 Rxc3 0-1

[Event "World Rapid 2017"]
[Site "Riyadh KSA"]
[Date "2017.12.27"]
[Round "8.50"]
[White "Ganguly, Surya Shekhar"]
[Black "Tissir, Mohamed"]
[Result "1-0"]
[WhiteTitle "GM"]
[BlackTitle "IM"]
[WhiteElo "2650"]
[BlackElo "2381"]
[WhiteFideId "5002150"]
[BlackFideId "9000240"]
[EventDate "2017.12.26"]

1. c4 Nf6 2. Nc3 g6 3. e4 d6 4. d4 Bg7 5. Be2 Nbd7 6. Be3 e5 7. d5 a5 8. Qd2 Nc5
9. f3 a4 10. g4 h5 11. g5 Nfd7 12. h4 O-O 13. Nh3 Re8 14. Nf2 Bf8 15. Rg1 c6 16.
Kf1 Qa5 17. Kg2 Qb4 18. Qc2 Qa5 19. Rgb1 Na6 20. Qxa4 Qxa4 21. Nxa4 Nb4 22. Bd1
cxd5 23. cxd5 Na6 24. b4 b5 25. Nc3 Nc7 26. a4 bxa4 27. Bxa4 Rb8 28. Ba7 Rb7 29.
Bc6 1-0

[Event "World Rapid 2017"]
[Site "Riyadh KSA"]
[Date "2017.12.27"]
[Round "8.51"]
[White "Lodhi, Mahmood"]
[Black "Jumabayev, Rinat"]
[Result "0-1"]
[WhiteTitle "IM"]
[BlackTitle "GM"]
[WhiteElo "2347"]
[BlackElo "2612"]
[WhiteFideId "7800010"]
[BlackFideId "13702661"]
[EventDate "2017.12.26"]

1. d4 Nf6 2. Nf3 g6 3. g3 c5 4. Bg2 Qa5+ 5. c3 cxd4 6. Nxd4 Bg7 7. O-O O-O 8.
Nd2 d5 9. e4 dxe4 10. Nxe4 Nbd7 11. Nxf6+ Nxf6 12. Qe2 e5 13. Nb3 Qc7 14. Re1
Re8 15. Qb5 Rb8 16. Be3 b6 17. Qc6 Qe7 18. Rad1 Bg4 19. f3 Be6 20. Qd6 Qxd6 21.
Rxd6 Nd5 22. f4 Nxe3 23. Rxe3 Bf8 24. Rxe6 Rxe6 25. fxe5 Rbe8 26. Kf1 Rxe5 27.
Rxe5 Rxe5 28. Nd4 Bc5 29. Nf3 Re3 30. Nd2 Kg7 31. Nc4 Re8 32. a4 h5 33. Bc6 Rd8
34. Ke2 f5 35. h3 Bd6 36. Nxd6 Rxd6 37. Bf3 Kf6 38. h4 Re6+ 39. Kf2 Ke5 40. Ke3
f4+ 41. gxf4+ Kf5+ 42. Kf2 Kxf4 43. a5 bxa5 0-1

[Event "World Rapid 2017"]
[Site "Riyadh KSA"]
[Date "2017.12.27"]
[Round "8.52"]
[White "Andriasian, Zaven"]
[Black "Saeed, Ishaq"]
[Result "1-0"]
[WhiteTitle "GM"]
[BlackTitle "FM"]
[WhiteElo "2585"]
[BlackElo "2434"]
[WhiteFideId "13302000"]
[BlackFideId "9301453"]
[EventDate "2017.12.26"]

1. e4 e5 2. Nf3 Nc6 3. Bc4 Bc5 4. O-O Nf6 5. d3 O-O 6. Nbd2 d6 7. c3 a6 8. Bb3
Ba7 9. h3 Ne7 10. Nh4 g5 11. Nhf3 g4 12. hxg4 Nxg4 13. Nc4 Kh8 14. d4 f6 15. Ne3
Qe8 16. Nh2 Nxe3 17. Bxe3 Qg6 18. Bc2 Rg8 19. g3 Bh3 20. Re1 h5 21. Nf3 Bg4 22.
Nh4 Qh7 23. f3 Bd7 24. Kh2 Rg7 25. Qd2 Qg8 26. Rg1 Qe6 27. Nf5 Rh7 28. Kg2 d5
29. Nxe7 Rxe7 30. Rh1 Qf7 31. dxe5 Rxe5 32. Bxa7 Rxa7 33. Qh6+ Kg8 34. f4 Rxe4
35. Bxe4 dxe4 36. Rxh5 Qc4 37. Qg6+ Kf8 38. Qxf6+ 1-0